2021 UEFA Nations League Final Spain - France - Statistics

General Stats
  • This quiz has been taken 278 times
  • The average score is 17 of 31
Answer Stats
Player % Correct
Kylian Mbappé ¹
92%
Hugo Lloris
89%
Antoine Griezmann
84%
Unai Simón
81%
Paul Pogba
80%
Karim Benzema ¹
78%
Sergio Busquets
78%
Theo Hernandez
78%
Raphaël Varane
77%
Gavi
73%
Benjamin Pavard
72%
Ferran Torres
70%
Didier Deschamps
68%
Aymeric Laporte
66%
Luis Enrique
62%
Jules Koundé
55%
Mikel Oyarzabal ¹
55%
Presnel Kimpembe
52%
Rodri
52%
Aurélien Tchouaméni
48%
Dayot Upamecano
48%
César Azpilicueta
47%
Eric García
46%
Koke
32%
Marcos Alonso
30%
Pablo Sarabia
25%
Mikel Merino
18%
Yeremi Pino
12%
Jordan Veretout
10%
Léo Dubois
10%
Pablo Fornals
4%
No matching quizzes found
Score Distribution
Percent of People with Each Score
Percentile by Number Answered
Your Score History
You have not taken this quiz